MARC details
| 000 -LEADER |
| campo de control de longitud fija |
02008nac a2200325 a 4500 |
| 003 - IDENTIFICADOR DE NÚMERO DE CONTROL |
| campo de control |
CO-PeBPM |
| 005 - FECHA Y HORA DE LA ÚLTIMA TRANSACCIÓN |
| campo de control |
20260427093412.0 |
| 007 - CAMPO FIJO DE DESCRIPCIÓN FÍSICA--INFORMACIÓN GENERAL |
| campo de control de longitud fija |
ta |
| 008 - DATOS DE LONGITUD FIJA--INFORMACIÓN GENERAL |
| campo de control de longitud fija |
260427s1996 ck a|||| |||| 00| 0 spa d |
| 020 ## - NÚMERO INTERNACIONAL ESTÁNDAR DEL LIBRO |
| Número Internacional Estándar del Libro |
9583304654 |
| 040 ## - FUENTE DE CATALOGACIÓN |
| Centro catalogador/agencia de origen |
CO-PeBPM |
| Lengua de catalogación |
spa |
| Centro/agencia transcriptor |
CO-PeBPM |
| Normas de descripción |
rda |
| 041 ## - CÓDIGO DE IDIOMA |
| Código de lengua del texto/banda sonora o título independiente |
spa |
| 082 04 - NÚMERO DE LA CLASIFICACIÓN DECIMAL DEWEY |
| Número de clasificación |
Co863 T866d |
| Número de edición |
22 |
| 100 1# - ENTRADA PRINCIPAL--NOMBRE DE PERSONA |
| Nombre de persona |
Trujillo Restrepo, Carlos A. |
| Término indicativo de función/relación |
autor |
| 245 10 - MENCIÓN DEL TÍTULO |
| Título |
Del café a la coca |
| Resto del título |
: Vivencias alrededor de una metamorfosis |
| 250 ## - MENCION DE EDICION |
| Mención de edición |
Primera edición |
| 264 ## - PRODUCCIÓN, PUBLICACIÓN, DISTRIBUCIÓN, FABRICACIÓN Y COPYRIGHT |
| Producción, publicación, distribución, fabricación y copyright |
Bogotá, Colombia |
| Nombre del de productor, editor, distribuidor, fabricante |
: Cargraphics |
| Fecha de producción, publicación, distribución, fabricación o copyright |
, 1996 |
| 300 ## - DESCRIPCIÓN FÍSICA |
| Extensión |
327 páginas |
| Otras características físicas |
ilustraciones en blanco y negro |
| Dimensiones |
21 cm. |
| 336 ## - TIPO DE CONTENIDO |
| Fuente |
rdacontent |
| Término de tipo de contenido |
texto |
| Código de tipo de contenido |
txt |
| 337 ## - TIPO DE MEDIO |
| Fuente |
rdamedia |
| Nombre/término del tipo de medio |
sin mediación |
| Código del tipo de medio |
n |
| 338 ## - TIPO DE SOPORTE |
| Fuente |
rdacarrier |
| Nombre/término del tipo de soporte |
volumen |
| Código del tipo de soporte |
nc |
| 500 ## - NOTA GENERAL |
| Nota general |
Incluye glosario de términos de la tierra cafetera |
| 500 ## - NOTA GENERAL |
| Nota general |
Contiene datos biográficos del autor en la solapa del texto |
| 520 ## - RESUMEN, ETC. |
| Sumario, etc. |
¿Qué mundo contiene la taza de café que usted disfruta? Yo la bebí hasta el fondo y me supo amargo. Trasládese conmigo a los cafetales de los Andes y conozca de primera mano la cotidianidad de quienes aman apasionadamente el cultivo del café. Pasará ratos agradables leyendo la novela DEL CAFÉ A LA COCA y, además, se compenetrará con el tema del café, que tradicionalmente fue el orgullo del país y el eje de su economía. Fue el primer producto nacional que dio prestigio al país y lo hizo viable, hasta que en los años noventa sobrevino la grave crisis cafetera. Se derrumbó la caficultura y, por falta de sustento, peones y recolectores de café sucumbieron a la tentación de buscar mejor vida migrando a regiones donde aumentaban las plantaciones de coca y florecía ese nuevo negocio, el narcotráfico, que luego traería tanta violencia, muerte y mala fama al país. Esa es la razón del título del libro DEL CAFÉ A LA COCA. |
| 650 17 - PUNTO DE ACCESO ADICIONAL DE MATERIA--TÉRMINO DE MATERIA |
| Término de materia o nombre geográfico como elemento de entrada |
Novela colombiana |
| Fuente del encabezamiento o término |
LEMB |
| 650 17 - PUNTO DE ACCESO ADICIONAL DE MATERIA--TÉRMINO DE MATERIA |
| Término de materia o nombre geográfico como elemento de entrada |
Novela social |
| Fuente del encabezamiento o término |
LEMB |
| 650 17 - PUNTO DE ACCESO ADICIONAL DE MATERIA--TÉRMINO DE MATERIA |
| Término de materia o nombre geográfico como elemento de entrada |
Narcotráfico |
| Fuente del encabezamiento o término |
LEMB |
| 650 17 - PUNTO DE ACCESO ADICIONAL DE MATERIA--TÉRMINO DE MATERIA |
| Término de materia o nombre geográfico como elemento de entrada |
Agricultura |
| Fuente del encabezamiento o término |
LEMB |
| Subdivisión geográfica |
Colombia |
| 942 ## - ELEMENTOS DE ENTRADA SECUNDARIOS (KOHA) |
| Fuente del sistema de clasificación o colocación |
Clasificación Decimal Dewey |
| Suprimir en OPAC |
No |
| Tipo de ítem Koha |
Libros |